Máximos goleadores históricos del Real Zaragoza - Estadísticas

Estadísticas generales
  • Esta prueba ha sido intentada 66 veces
  • La puntuación promedio es 6 de 15
Estadísticas de respuestas
Goles
Nacionalidad Jugador % Correcto
59 Argentina Diego Milito
93%
39 España David Villa
86%
39 Argentina Juan Esnáider
68%
45 Serbia Savo Milosevic
63%
68 España Miguel Pardeza
55%
39 España Juan Señor
41%
57 Brasil Ewerthon
38%
58 Uruguay Gustavo Poyet
38%
65 España Marcelino
36%
34 España Fernando Morientes
34%
56 España Higuera
30%
37 España Santi Aragón
23%
33 España Ángel Rodríguez
11%
58 España Yordi
11%
58 España Joaquín Murillo
7%
No se encontraron pruebas coincidentes
Distribución de puntuación
Porcentaje de gente con cada puntuación
Porcentaje por número respondido
Historial de tus puntuaciones
No has intentado esta prueba.